Ekonomicko-matematické metody
Enregistré dans:
| Auteur principal: | |
|---|---|
| Format: | Livre |
| Langue: | tchèque |
| Publié: |
Plzeň
Vydavatelství a nakladatelství Aleš Čeněk
2019
|
| Édition: | 3. upravené a rozšířené vydání |
| Sujets: | |
| Tags: |
Pas de tags, Soyez le premier à ajouter un tag!
|
MARC
| LEADER | 00000nam a2200000 4500 | ||
|---|---|---|---|
| 001 | 0311300 | ||
| 005 | 20250724082929.3 | ||
| 020 | |a 978-80-7380-762-7 | ||
| 041 | 0 | |a cze | |
| 044 | |a CZ | ||
| 245 | 1 | 0 | |a Ekonomicko-matematické metody |c Tomáš Šubrt a kolektiv |
| 250 | |a 3. upravené a rozšířené vydání | ||
| 264 | 1 | |a Plzeň |b Vydavatelství a nakladatelství Aleš Čeněk |c 2019 | |
| 300 | |a 354 s. | ||
| 610 | 2 | 0 | |a programovanie lineárne |
| 610 | 2 | 0 | |a výskum operačný |
| 610 | 2 | 0 | |a metódy ekonomicko-matematické |
| 610 | 2 | 0 | |a modely ekonomicko-matematické |
| 610 | 2 | 0 | |a metódy rozhodovania |
| 610 | 2 | 0 | |a modely rozhodovania |
| 610 | 2 | 0 | |a teória hier |
| 610 | 2 | 0 | |a teória grafov |
| 610 | 2 | 0 | |a analýza štruktúrna |
| 610 | 2 | 0 | |a modely stochastické |
| 100 | 1 | |a Šubrt, Tomáš | |